En torno a Gastón / (Registro nro. 14205)

Detalles MARC
000 -LIDER
fixed length control field 00945nam a2200265 a 4500
001 - NÚMERO DE CONTROL
Identificador de número de control 000026294
003 - IDENTIFICACDOR DE NÚMERO DE CONTROL
control field DO-SdBNP
005 - DATE AND TIME OF LATEST TRANSACTION
control field 20220518085813.0
008 - ELEMENTOS DE LONGITUD FIJA
fixed length control field 110310s1986 dr c r 000 0 spa d
040 ## - FUENTE DE CATALOGACIÓN
Agencia que crea de manera original el registro BPMSU
Idioma de catalogación spa
Agencia que realiza la transcripción BPMSU
082 ## - NÚMERO DE CLASIFICACIÓN DECIMAL DE DEWEY
Classification number 928.61
Item number D353R 1986
Edition number 22
100 1# - ASIENTO PRINCIPAL -- NOMBRE PERSONAL
Nombre personal Rodríguez y Rodríguez, Alberto,
Fechas asociadas con el nombre 1929-
245 10 - MENCIÓN DE TITULO
Título En torno a Gastón /
Mención de responsabilidad Alberto Rodríguez y Rodríguez; prólogo José Rafael García Pascal.
260 ## - PUBLICACIÓN, DISTRIBUCIÓN, ETC. (PIE DE IMPRENTA)
Lugar de publicación, distribución, etc Santo Domingo :
Nombre del editor, distribuidor, etc. ONAP,
Fecha de publicación, distribución, etc 1986.
300 ## - DESCRIPCIÓN FÍSICA
Extensión 95 p. :
Otros detalles físicos retrs. ;
Dimensiones 21 cm.
490 0# - MENCIÓN DE SERIES
Mención de serie ONAP ;
-- Feria del libro
500 ## - NOTA GENERAL
Nota general Incluye datos biográficos del autor en las solapas
590 ## - NOTA LOCAL
Texto de la nota local Inventariado, 2022/VM
600 14 - ENCABEZAMIENTO DE MATERIA--NOMBRE PERSONAL
Nombre personal Deligne, Gaston Fernando,
Fechas asociadas con el nombre 1861-1913
Subdivisión de forma Biografías
650 #4 - ENCABEZAMIENTO DE MATERIA--TEMÁTICO
Fuente del encabezamiento o término Autores dominicanos
Subdivisión de forma Biografías.
700 1# - ASIENTO SECUNDARIO -- NOMBRE PERSONAL
Nombre personal García Pascal, José Rafael,
Mención de responsabilidad prólogro
710 2# - ASIENTO SECUNDARIO -- NOMBRE CORPORATIVO
Nombre corporativo o de jurisdicción Oficina Nacional de Administración y Personal
910 ## - VALIDACIÓN
Validación VMateo V.
942 ## - ADDED ENTRY ELEMENTS (KOHA)
Source of classification or shelving scheme Dewey Decimal Classification
Koha item type Libros
Existencias
Withdrawn status Lost status Source of classification or shelving scheme Damaged status Not for loan Collection code Home library Current library Date acquired Total Checkouts Full call number Barcode Date last seen Price effective from Koha item type
    Dewey Decimal Classification     Colección Dominicana Biblioteca Pública Metropolitana Salomé Ureña Biblioteca Pública Metropolitana Salomé Ureña 05/18/2022   BPMSU CD 928.61 D353R 1986 BPM22050045 05/18/2022 05/18/2022 Libros